Gaming Quiz

Random Gaming or Video Games Quiz

The Third Great RPG Character List Quiz Stats

 Plays Quiz not verified by Sporcle

Challenge
Share
Tweet
Embed
Score 0/253 Timer 20:00
0 Plays Today
Hint Answer % Correct
Final Fantasy 6Terra
69.6%
Vandal HeartsAsh
67.4%
Final Fantasy 6Locke
63%
Final Fantasy 6Celes
63%
Final Fantasy 6Edgar
60.9%
Final Fantasy 6Sabin
60.9%
Final Fantasy 6Cyan
58.7%
Final Fantasy 6Mog
58.7%
Final Fantasy 6Shadow
58.7%
Breath of Fire 4Ryu
56.5%
Final Fantasy 6Umaro
56.5%
Final Fantasy 6Gau
54.3%
Final Fantasy 6Gogo
54.3%
Final Fantasy 6Setzer
54.3%
Final Fantasy 6Strago
52.2%
Final Fantasy 6Relm
52.2%
Arc the Lad 3Shu
52.2%
Mass EffectAshley
47.8%
Mass EffectGarrus
47.8%
Breath of Fire 4Nina
43.5%
Xenoblade ChroniclesShulk
43.5%
Final Fantasy 6Banon
43.5%
Pokemon ConquestKai
43.5%
Mass EffectLiara
41.3%
Mass EffectTali'Zorah
41.3%
Mass EffectKaiden
39.1%
Mass EffectWrex
39.1%
PersonaProtagonist
37%
Lunar: Eternal BlueLeo
37%
Xenoblade ChroniclesRiki
34.8%
Xenoblade ChroniclesFiora
34.8%
Eternal SonataChopin
34.8%
Tales of Xilia Jude
32.6%
Arc the Lad 3Alec
32.6%
Xenoblade ChroniclesReyn
32.6%
Xenoblade ChroniclesDunban
32.6%
Grandia 2Ryudo
32.6%
Pokemon ConquestNo
32.6%
Mass EffectSheperd
30.4%
Tales of Xilia Milla
30.4%
Shadow HeartsYuri
28.3%
PersonaYuki
28.3%
Dragon Quest 6Hero
28.3%
Xenoblade ChroniclesSharla
28.3%
Tales of Xilia Alvin
28.3%
Pokemon ConquestHero
28.3%
Xenoblade ChroniclesMelia
26.1%
Shadow HeartsAlice
26.1%
Grandia 2Millenia
26.1%
Grandia 2Elena
26.1%
Disgaea 4Valvatorez
26.1%
Lunar: Eternal BlueHiro
23.9%
Dragon Quest 6Carver
23.9%
Tales of Xilia Leia
23.9%
Vandal HeartsSara
23.9%
Eternal SonataBeat
23.9%
PersonaNate
21.7%
PersonaMark
21.7%
Lost OdysseyKaim
21.7%
Dragon Quest 6Terry
21.7%
Breath of Fire 4Fou-Lu
21.7%
Breath of Fire 4Cray
21.7%
Breath of Fire 4Scias
21.7%
Grandia 2Mareg
21.7%
Grandia 2Tio
21.7%
Tales of Xilia Elize
21.7%
Ys: Memories of CelcetaAdol
21.7%
Pokemon ConquestNobunaga
21.7%
Breath of Fire 4Ershin
19.6%
Lunar: Eternal BlueLucia
19.6%
Eternal SonataPolka
19.6%
Breath of Fire 4Ursula
19.6%
Grandia 2Roan
19.6%
Tales of Xilia Rowan
19.6%
Disgaea 4Laharl
19.6%
Dragon Quest 6Ashlynn
17.4%
Dragon Quest 6Nevan
17.4%
Lunar: Eternal BlueGwyn
17.4%
Lunar: Eternal BlueJean
17.4%
Lunar: Eternal BlueLemina
17.4%
Disgaea 4Flonne
17.4%
Eternal SonataAllegretto
17.4%
Phantasy Star 3Wren
17.4%
Phantasy Star 3Gwyn
17.4%
Lunar: Eternal BlueRonfar
15.2%
Hint Answer % Correct
Ogre BattleLans
15.2%
PersonaMary
15.2%
PersonaChris
15.2%
Lost OdysseySarah
15.2%
Dragon Quest 6Milly
15.2%
Disgaea 4Etna
15.2%
Star OceanRoddick
15.2%
Star OceanMillie
15.2%
Eternal SonataViola
15.2%
Eternal SonataJazz
15.2%
Phantasy Star 3Rhys
15.2%
The Last StoryMiranda
13%
The Last StoryZael
13%
Disgaea 4Fuka
13%
PersonaEllen
13%
Shadow HeartsKeith
13%
Wild ARMs 5Dean
13%
Disgaea 4Fenrick
13%
Eternal SonataSalsa
13%
Eternal SonataMarch
13%
Ogre BattleWarren
13%
Ogre BattleGilbert
13%
Ogre BattleAshe
13%
Phantasy Star 3Mieu
13%
Phantasy Star 3Ryan
13%
PersonaBrad
10.9%
Pokemon ConquestKenshin
10.9%
Shining Force EXAToma
10.9%
Arc the Lad 3Lutz
10.9%
Arc the Lad 3Elc
10.9%
The Last StorySyrenne
10.9%
Shadow HeartsHalley
10.9%
Wild ARMs 5Rebecca
10.9%
Wild ARMs 5Avril
10.9%
Wild ARMs 5Greg
10.9%
Wild ARMs 5Carol
10.9%
Odin SphereGwendolyn
10.9%
Vandal HeartsDiego
10.9%
Disgaea 4Desco
10.9%
Disgaea 4Vulcanus
10.9%
Disgaea 4Kurtis
10.9%
Star OceanRonyx
10.9%
Star OceanWelch
10.9%
Ogre BattleDestin
10.9%
Ogre BattleCanopus
10.9%
Ogre BattleAisha
10.9%
Ogre BattleNorn
10.9%
Ogre BattleTristan
10.9%
Ogre BattleDebonair
10.9%
Ogre BattleYushis
10.9%
Pokemon ConquestAya
10.9%
Phantasy Star 3Lyle
10.9%
Phantasy Star 3Lena
10.9%
Lost OdysseySeth
8.7%
Shadow HeartsZhuzhen
8.7%
Ogre BattleSlust
8.7%
Phantasy Star 3Ayn
8.7%
PersonaAlana
8.7%
Lost OdysseyJansen
8.7%
Lost OdysseyMing
8.7%
Lost OdysseyCooke
8.7%
Lost OdysseyMack
8.7%
Lost OdysseySed
8.7%
Shining Force EXACyrille
8.7%
Arc the Lad 3Theo
8.7%
Arc the Lad 3Cheryl
8.7%
Arc the Lad 3Marsia
8.7%
Arc the Lad 3Velhart
8.7%
Arc the Lad 3Anrietta
8.7%
The Last StoryCalista
8.7%
Ys: Memories of CelcetaKarna
8.7%
Vandal HeartsKira
8.7%
Disgaea 4Axel
8.7%
Disgaea 4Asagi
8.7%
Star OceanAshlay
8.7%
Star OceanCyuss
8.7%
Eternal SonataClaves
8.7%
Eternal SonataFalsetto
8.7%
Eternal SonataCrescendo
8.7%
Ogre BattleLyon
8.7%
Ogre BattleDeneb
8.7%
Ogre BattleRauny
8.7%
Ogre BattleFenril
8.7%
Ogre BattleSaradin
8.7%
Ogre BattleFogel
8.7%
Hint Answer % Correct
Ogre BattleGalf
8.7%
Pokemon ConquestShingen
8.7%
Phantasy Star 3Sean
8.7%
Phantasy Star 3Kara
8.7%
Arc the Lad 3Tosh
8.7%
Disgaea 4Zetta
6.5%
Star OceanT'nique
6.5%
Pokemon ConquestOichi
6.5%
Lost OdysseyTolten
6.5%
Dragon Quest 6Amos
6.5%
Shadow HeartsMargarete
6.5%
Odin SphereCornelius
6.5%
Odin SphereOswald
6.5%
Odin SphereVelvet
6.5%
Vandal HeartsClive
6.5%
Vandal HeartsAmon
6.5%
Disgaea 4Raspberyl
6.5%
Star OceanIlia
6.5%
Star OceanPhia
6.5%
Star OceanMavelle
6.5%
Star OceanPericci
6.5%
Star OceanErys
6.5%
Eternal SonataSerenade
6.5%
Pokemon ConquestMasamune
6.5%
Pokemon ConquestRanmaru
6.5%
Phantasy Star 3Sari
6.5%
Phantasy Star 3Nial
6.5%
Phantasy Star 3Crys
6.5%
Phantasy Star 3Adan
6.5%
Phantasy Star 3Aron
6.5%
Phantasy Star 3Thea
6.5%
Wild ARMs 5Chuck
4.3%
Odin SphereMercedes
4.3%
Pokemon ConquestGracia
4.3%
Pokemon ConquestHanzo
4.3%
Pokemon ConquestIna
4.3%
Vandal HeartsGrog
4.3%
Shining Force EXAGadfort
4.3%
Shining Force EXADuga
4.3%
Shining Force EXAAdam
4.3%
The Last StoryLowell
4.3%
Ys: Memories of CelcetaDuren
4.3%
Vandal HeartsEleni
4.3%
Vandal HeartsHuxley
4.3%
Vandal HeartsZohar
4.3%
Star OceanIoshua
4.3%
Pokemon ConquestHideyoshi
4.3%
Pokemon ConquestMotonari
4.3%
Pokemon ConquestMitsuhide
4.3%
Pokemon ConquestYukimura
4.3%
Pokemon ConquestKeiji
4.3%
Phantasy Star 3Laya
4.3%
Shining Force EXAFaulklin
2.2%
Vandal HeartsDolan
2.2%
Dragon Quest 6Drango
2.2%
Shining Force EXAMaebelle
2.2%
Shining Force EXAAmitaliri
2.2%
The Last StoryDagran
2.2%
The Last StoryYurick
2.2%
Ys: Memories of CelcetaCanlilica
2.2%
Ys: Memories of CelcetaOzma
2.2%
Ys: Memories of CelcetaFrida
2.2%
Vandal HeartsDarius
2.2%
Disgaea 4Emizal
2.2%
Pokemon ConquestMotochika
2.2%
Pokemon ConquestGinchiyo
2.2%
Pokemon ConquestYoshihiro
2.2%
Pokemon ConquestNene
2.2%
Pokemon ConquestYoshimoto
2.2%
Pokemon ConquestUjiyasu
2.2%
Pokemon ConquestKotaro
2.2%
Pokemon ConquestIeyasu
2.2%
Pokemon ConquestHanbei
2.2%
Pokemon ConquestKanbei
2.2%
Pokemon ConquestMuneshige
2.2%
Pokemon ConquestKunoichi
2.2%
Pokemon ConquestMagoichi
2.2%
Pokemon ConquestKanetsugu
2.2%
Pokemon ConquestOkuni
2.2%
Pokemon ConquestTadakatsu
2.2%
Pokemon ConquestMitsunari
2.2%
Pokemon ConquestKiyomasa
2.2%
Pokemon ConquestMasanori
2.2%

You're not logged in!

Compare scores with friends on all Sporcle quizzes.
Join for Free
OR
Log In

You Might Also Like...

Show Comments

Extras

Top Quizzes Today


Score Distribution

Your Account Isn't Verified!

In order to create a playlist on Sporcle, you need to verify the email address you used during registration. Go to your Sporcle Settings to finish the process.

Report this User

Report this user for behavior that violates our Community Guidelines.

Details: